000 00483nam a2200181Ia 4500
003 GCL
008 140319s9999 xx 000 0 eng d
040 _aGCL /
_cGCL
082 0 4 _a624.101
_bM T
100 1 _aMORLEY, ARTHUR
245 1 0 _aTHEORY OF STRUCTURES /
_cMORLEY, ARTHUR
260 _a[S.N] :
_bLONGMAN GROUP ،
_c1956
300 _a617 P
650 0 4 _aالتحليل الرياضى
650 0 4 _aCIVIL ENGINEERING
650 0 4 _aSTRUCTURAL ENGINEERING
942 _2ddc
_cBK
999 _c14470
_d14470